Normal view
MARC view
Entry Topical Term
001 - CONTROL NUMBER
- control field: 48107
003 - CONTROL NUMBER IDENTIFIER
- control field: OSt
005 - DATE AND TIME OF LATEST TRANSACTION
- control field: 20241008104409.0
008 - FIXED-LENGTH DATA ELEMENTS
- fixed length control field: 241008|| aca||aabn | a|a d
040 ## - CATALOGING SOURCE
- Original cataloging agency: OSt
- Transcribing agency: OSt
150 ## - HEADING--TOPICAL TERM
- Topical term or geographic name entry element: ‘Make in India, Defence, Indigenisation, Atma Nirbhar Bharat, DRDO
670 ## - SOURCE DATA FOUND
- Source citation: Work cat.: (OSt)524776: Pradhan, S.D. 48106, Growing Indian defence production capabilities: From the biggest importer of defence equipment to an exporter
